|
|
|
|
| LEADER |
01038cam a2200301 a 4500 |
| 001 |
c000388795 |
| 003 |
CARM |
| 005 |
20120227114405.0 |
| 008 |
120227s2001 nyua b 001 0 eng d |
| 010 |
|
|
|a 2001017791
|
| 019 |
1 |
|
|a 22280343
|5 LACONCORD2021
|
| 020 |
|
|
|a 0314127232 (pbk.)
|
| 035 |
|
|
|a (OCoLC)45873672
|5 LACONCORD2021
|
| 040 |
|
|
|a DLC
|b eng
|c DLC
|d DLC
|
| 042 |
|
|
|a pcc
|
| 043 |
|
|
|a n-us---
|
| 050 |
0 |
0 |
|a KF320.L4
|b J67 2001
|
| 082 |
0 |
4 |
|a 340.02373
|2 21
|
| 100 |
1 |
|
|a Jordan, Paul D.
|
| 245 |
1 |
0 |
|a Paralegal studies :
|b an introduction /
|c Paul D. Jordan.
|
| 260 |
|
|
|a Albany, N.Y. :
|b West Thomson Learning,
|c c2001.
|
| 300 |
|
|
|a xvii, 553 p. :
|b ill. ;
|c 30 cm.
|e +CD ROM.
|
| 504 |
|
|
|a Includes bibliographical references and index.
|
| 650 |
|
0 |
|a Legal assistants
|z United States.
|
| 650 |
|
0 |
|a Law
|x Vocational guidance
|z United States.
|
| 852 |
8 |
|
|b CARM
|p 0578389
|f BK
|
| 999 |
f |
f |
|i ce449ae0-3e1a-5f19-ae27-220e7f6805e5
|s 8292b574-17ea-5f27-9616-85a8ea9ddab2
|
| 952 |
f |
f |
|p Can circulate
|a CAVAL
|b CAVAL
|c CAVAL
|d CARM 1 Store
|i book
|m 0578389
|